| 000 | 00642nam a2200205Ia 4500 | ||
|---|---|---|---|
| 003 | GCL | ||
| 008 | 140319s9999 xx 000 0 ara d | ||
| 040 |
_aGCL / _cGCL |
||
| 082 | 0 | 4 |
_a184 _bا ا |
| 100 | 1 | _aامام عبدالفتاح امام | |
| 245 | 1 | 0 |
_aافلاطون والمرأة / _cامام عبدالفتاح امام |
| 700 | 1 | _aامام ابراهيم احمد | |
| 300 | _a132 ص | ||
| 490 |
_aالفيلسوف .. والمراة _v0 |
||
| 650 | 0 | 4 | _aالفلسفة الافلاطونية |
| 650 | 0 | 4 | _aالافلاطونية |
| 650 | 0 | 4 | _aافلاطون |
| 650 | 0 | 4 | _aالمرأة فى الفلسفة |
| 942 |
_2ddc _cBK |
||
| 999 |
_c52047 _d52047 |
||